000 00566nam a2200193Ia 4500
003 GCL
008 140319s9999 xx 000 0 ara d
040 _aGCL /
_cGCL
082 0 4 _aط
_b813.087
_bع ر
100 1 _aعبداللطيف زيدان
245 1 0 _aالرجل الاخضر /
_cعبداللطيف زيدان
700 1 _aداليا محمد ابراهيم
300 _a23 ص
490 _aمغامرات مصورة للشباب
_v0
650 0 4 _aالاطفال
650 0 4 _aقصص الاطفال
650 0 4 _aالمغامرات
942 _2ddc
_cBK
999 _c51281
_d51281